ʻAllamah Shibli's Sirat al-Nabi / (Record no. 19278)

MARC details
000 -LEADER
fixed length control field 01187cam a2200337 4500
001 - CONTROL NUMBER
control field 2719383
003 - CONTROL NUMBER IDENTIFIER
control field BDDh-ASL
005 - DATE AND TIME OF LATEST TRANSACTION
control field 20231015025752.0
008 - FIXED-LENGTH DATA ELEMENTS--GENERAL INFORMATION
fixed length control field 710507m19701971pk b 000 0beng
010 ## - LIBRARY OF CONGRESS CONTROL NUMBER
LC control number 76931697
040 ## - CATALOGING SOURCE
Original cataloging agency DLC
Transcribing agency DLC
Modifying agency BDDh-ASL
-- OCoLC
-- DLC
041 1# - LANGUAGE CODE
Language code of text/sound track or separate title eng
Language code of original und
050 00 - LIBRARY OF CONGRESS CALL NUMBER
Classification number BP75
Item number .S4846
082 00 - DEWEY DECIMAL CLASSIFICATION NUMBER
Classification number 297.63
-- B
Item number ALL
100 0# - MAIN ENTRY--PERSONAL NAME
Personal name Shiblī Nuʻmānī,
Dates associated with a name 1857-1914.
240 10 - UNIFORM TITLE
Uniform title Sīrat al-Nabī.
Language of a work English
245 10 - TITLE STATEMENT
Title ʻAllamah Shibli's Sirat al-Nabi /
Statement of responsibility, etc. translated into English by Fazlur Rahman.
260 ## - PUBLICATION, DISTRIBUTION, ETC.
Place of publication, distribution, etc. Karachi,
Name of publisher, distributor, etc. Pakistan Historical Society,
Date of publication, distribution, etc. 1970-71.
300 ## - PHYSICAL DESCRIPTION
Extent 547 p. :
Dimensions 25 cm.
440 #0 - SERIES STATEMENT/ADDED ENTRY--TITLE
Title Pakistan Historical Society publication ;
Volume/sequential designation no. 47
500 ## - GENERAL NOTE
General note Vol. 2 has t.p.: ʻAllamah Shibli's Sirat-un-Nabi, translated by Sibtain Ahmad. 1st ed. Karachi, Jamiyat-ul-Falah.
500 ## - GENERAL NOTE
General note Vol. 2 lacks series statement.
504 ## - BIBLIOGRAPHY, ETC. NOTE
Bibliography, etc. note Includes bibliographical references.
600 00 - SUBJECT ADDED ENTRY--PERSONAL NAME
Personal name Muḥammad,
Titles and other words associated with a name Prophet,
Dates associated with a name -632.
650 #0 - SUBJECT ADDED ENTRY--TOPICAL TERM
Topical term or geographic name entry element Muslims
General subdivision Biography.
700 1# - ADDED ENTRY--PERSONAL NAME
Personal name Rahman, Fazlur,
Dates associated with a name 1919-1988.
700 1# - ADDED ENTRY--PERSONAL NAME
Personal name Ahmad, Sibtain.
740 0# - ADDED ENTRY--UNCONTROLLED RELATED/ANALYTICAL TITLE
Uncontrolled related/analytical title Sirat al-Nabi.
906 ## - LOCAL DATA ELEMENT F, LDF (RLIN)
a 7
b cbc
c orignew
d 4
e ncip
f 19
g y-gencatlg
942 ## - ADDED ENTRY ELEMENTS (KOHA)
Source of classification or shelving scheme Dewey Decimal Classification
Koha item type Books
Holdings
Withdrawn status Lost status Source of classification or shelving scheme Damaged status Not for loan Collection code Home library Current library Shelving location Date acquired Source of acquisition Total Checkouts Full call number Barcode Date last seen Copy number Price effective from Koha item type Public note
    Dewey Decimal Classification     Non-fiction Asiatic Society Library Asiatic Society Library Sirajul Islam Collection 11/22/2020 Donated by Professor Sirajul Islam, FRHS   297.63 ALL 102585 11/22/2020 C-1 11/22/2020 Books  
    Dewey Decimal Classification     Non-fiction Asiatic Society Library Asiatic Society Library General Stacks 04/03/2021 ASB Library Collections   297.63 ALL 108290 04/03/2021 C-2 04/03/2021 Books RARE

Powered by Koha